[Event "Gibtelecom Festival 2010 - Masters"]
[Site "Gibraltar ENG"]
[Date "2010.01.31"]
[Round "6.85"]
[White "Tari, Aryan"]
[Black "Jameson, David"]
[Result "1-0"]
[WhiteElo "1932"]
[BlackElo "2053"]
[PlyCount "139"]
[EventDate "2010.01.26"]
[EventType "swiss"]
[EventRounds "10"]
[EventCountry "ENG"]
[Source "lmi"]
[SourceDate "2010.01.26"]

1. e4 c6 2. d4 d5 3. Nc3 dxe4 4. Nxe4 Bf5 5. Ng3 Bg6 6. h4 h6 7. Nf3 Nd7 8. h5
Bh7 9. Bd3 Bxd3 10. Qxd3 e6 11. Bf4 Qa5+ 12. Bd2 Qc7 13. O-O-O Ngf6 14. c4
O-O-O 15. Qe2 Bd6 16. Ne4 Nxe4 17. Qxe4 Nf6 18. Qe2 Bf4 19. Kb1 Bxd2 20. Rxd2
c5 21. dxc5 Rxd2 22. Qxd2 Qxc5 23. Qd4 Qxd4 24. Nxd4 Rd8 25. Nb3 Ne4 26. Kc2
Rd7 27. f3 Ng3 28. Rh4 f5 29. Nc5 Rd6 30. Nd3 Kc7 31. b3 Kd8 32. Nc5 Kc7 33.
Nd3 b6 34. Rh3 Ne2 35. Rh4 Ng3 36. Rh3 Ne2 37. Rh4 Rd4 38. Rh1 Kd6 39. Nc1 Ng3
40. Rh3 Nf1 41. Rh1 Ne3+ 42. Kc3 e5 43. Ne2 Nd1+ 44. Kc2 Ne3+ 45. Kc3 Rd1 46.
Rxd1+ Nxd1+ 47. Kd2 Nf2 48. Ng3 Ke6 49. Ke2 f4 50. Kxf2 fxg3+ 51. Kxg3 Kf5 52.
Kf2 e4 53. Ke3 exf3 54. gxf3 g6 55. hxg6 Kxg6 56. Kf4 a5 57. a3 Kf6 58. b4 a4
59. Kg4 Ke5 60. Kh5 Kd4 61. Kxh6 Kxc4 62. f4 Kb3 63. f5 Kxa3 64. f6 Kxb4 65. f7
Kb3 66. f8=Q a3 67. Kg5 b5 68. Kf4 b4 69. Qc5 a2 70. Qc1 1-0

[Event "Gibtelecom Festival 2010 - Masters"]
[Site "Gibraltar ENG"]
[Date "2010.01.31"]
[Round "6.87"]
[White "Young, Mel J"]
[Black "Royset, Paal"]
[Result "1-0"]
[WhiteElo "1971"]
[BlackElo "2279"]
[PlyCount "61"]
[EventDate "2010.01.26"]
[EventType "swiss"]
[EventRounds "10"]
[EventCountry "ENG"]
[Source "lmi"]
[SourceDate "2010.01.26"]

1. e4 c5 2. Nc3 Nc6 3. f4 e6 4. Nf3 d5 5. Bb5 Nf6 6. Bxc6+ bxc6 7. d3 c4 8.
dxc4 Bc5 9. exd5 cxd5 10. Na4 Qa5+ 11. c3 Be7 12. b4 Qc7 13. c5 O-O 14. O-O Ne4
15. Nd4 Bd7 16. Nb2 Nxc3 17. Qe1 Ne4 18. Nd3 a5 19. c6 axb4 20. cxd7 Qc4 21.
Qe3 Rxa2 22. Rxa2 Qxa2 23. Nc6 Bf6 24. Ndxb4 Qa8 25. Ne5 Be7 26. Nbd3 f6 27.
Nf3 Qc6 28. Bb2 Qxd7 29. Nd2 Qb7 30. Ra1 Qb4 31. Nxb4 1-0

[Event "Gibtelecom Festival 2010 - Masters"]
[Site "Gibraltar ENG"]
[Date "2010.01.31"]
[Round "6.89"]
[White "Kandic, Milan"]
[Black "Helin, Mikael"]
[Result "1-0"]
[WhiteElo "2216"]
[BlackElo "1972"]
[PlyCount "109"]
[EventDate "2010.01.26"]
[EventType "swiss"]
[EventRounds "10"]
[EventCountry "ENG"]
[Source "lmi"]
[SourceDate "2010.01.26"]

1. e4 c5 2. Nf3 Nc6 3. d4 cxd4 4. Nxd4 a6 5. Bc4 e6 6. O-O Qc7 7. Nxc6 dxc6 8.
Be3 b5 9. Bd3 e5 10. f4 Nf6 11. f5 h5 12. Kh1 Bb7 13. Bg5 Ng4 14. Be2 f6 15.
Bc1 Rd8 16. Qe1 Qf7 17. Qg3 Rd4 18. Bf3 Qc4 19. Nd2 Qxc2 20. Bxg4 hxg4 21. Qxg4
Rxd2 22. Qg6+ Ke7 23. Bxd2 Qxd2 24. Qg3 c5 25. a4 b4 26. Qb3 Qd6 27. Rad1 Qc6
28. Rd5 Ke8 29. Rfd1 Be7 30. Qg3 Qxa4 31. b3 Qb5 32. Qxg7 Rf8 33. Qg6+ Rf7 34.
Qg8+ Rf8 35. Qg6+ Rf7 36. Rd7 Bc8 37. R7d3 a5 38. Rh3 Bf8 39. Rh7 Qb7 40. Rxf7
Qxf7 41. Rd8+ Ke7 42. Rxc8 Qxg6 43. fxg6 a4 44. bxa4 f5 45. exf5 e4 46. Rxc5
Kf6 47. Rb5 e3 48. Kg1 Bd6 49. Kf1 Bxh2 50. Ke2 Bf4 51. Rxb4 Bh6 52. a5 Kxf5
53. a6 Bf8 54. a7 Bxb4 55. a8=Q 1-0

[Event "Gibtelecom Festival 2010 - Masters"]
[Site "Gibraltar ENG"]
[Date "2010.01.31"]
[Round "6.90"]
[White "Ashby, Anthony C"]
[Black "Zanetti, Bruno"]
[Result "0-1"]
[WhiteElo "2178"]
[BlackElo "1978"]
[PlyCount "52"]
[EventDate "2010.01.26"]
[EventType "swiss"]
[EventRounds "10"]
[EventCountry "ENG"]
[Source "lmi"]
[SourceDate "2010.01.26"]

1. e4 c5 2. d3 e6 3. f4 d5 4. e5 Nc6 5. Nf3 f5 6. Be2 b5 7. c3 a5 8. O-O Be7 9.
a4 b4 10. d4 c4 11. b3 Ba6 12. cxb4 axb4 13. bxc4 dxc4 14. Be3 Nh6 15. h3 O-O
16. Nbd2 Na5 17. Ng5 Qd7 18. Rf2 c3 19. Nb3 Nc4 20. Bc1 Rfd8 21. Qc2 Nf7 22.
Nf3 Nb6 23. a5 Bxe2 24. Rxe2 Nc4 25. Kh2 Qd5 26. Ra2 Ra6 0-1

[Event "Gibtelecom Festival 2010 - Masters"]
[Site "Gibraltar ENG"]
[Date "2010.01.31"]
[Round "6.92"]
[White "Lipecki, Alexander"]
[Black "Johnson, Paul A"]
[Result "1/2-1/2"]
[WhiteElo "2146"]
[BlackElo "1904"]
[PlyCount "143"]
[EventDate "2010.01.26"]
[EventType "swiss"]
[EventRounds "10"]
[EventCountry "ENG"]
[Source "lmi"]
[SourceDate "2010.01.26"]

1. e4 e5 2. Nf3 Nc6 3. Bc4 Nf6 4. d3 Bc5 5. Nc3 d6 6. Bg5 Bb4 7. Nd2 Bxc3 8.
bxc3 Be6 9. Rb1 Na5 10. Bb3 Nxb3 11. axb3 h6 12. Bh4 Qd7 13. Bxf6 gxf6 14. Qf3
Ke7 15. h3 h5 16. Nf1 Qc6 17. c4 f5 18. Qe2 f4 19. f3 Rhg8 20. c3 Qb6 21. Qf2
Qxf2+ 22. Kxf2 h4 23. d4 f5 24. d5 Bd7 25. Nd2 Rg7 26. Ra1 a6 27. b4 Rag8 28.
Rh2 fxe4 29. Nxe4 Bf5 30. Nd2 Bd3 31. Ra3 Kf6 32. c5 dxc5 33. bxc5 Kf5 34. Ra4
b5 35. cxb6 cxb6 36. Ne4 Rg6 37. c4 Bxe4 38. fxe4+ Kxe4 39. Rxa6 Kd4 40. Ra4
Rc8 41. Rh1 e4 42. c5+ Kxd5 43. Rd1+ Ke5 44. cxb6 Rc2+ 45. Kf1 Rxb6 46. Ra5+
Ke6 47. Rh5 Rbb2 48. Rh6+ Kf7 49. Rd7+ Ke8 50. Rhd6 Rc1+ 51. Rd1 Rxd1+ 52. Rxd1
Rb4 53. Rd6 e3 54. Rh6 Rb1+ 55. Ke2 Rb2+ 56. Kf1 Rf2+ 57. Kg1 Kf7 58. Ra6 f3
59. gxf3 Rxf3 60. Kg2 Rg3+ 61. Kh2 e2 62. Ra1 Kf6 63. Re1 Re3 64. Kg2 Kf5 65.
Kf2 Rxh3 66. Rxe2 Rg3 67. Re3 Rg6 68. Re1 h3 69. Rh1 Rh6 70. Kg3 h2 71. Rxh2
Rxh2 72. Kxh2 1/2-1/2

[Event "Gibtelecom Festival 2010 - Masters"]
[Site "Gibraltar ENG"]
[Date "2010.01.31"]
[Round "6.95"]
[White "Rough, Robert E"]
[Black "Spanton, Tim R"]
[Result "0-1"]
[WhiteElo "1811"]
[BlackElo "2035"]
[PlyCount "58"]
[EventDate "2010.01.26"]
[EventType "swiss"]
[EventRounds "10"]
[EventCountry "ENG"]
[Source "lmi"]
[SourceDate "2010.01.26"]

1. d4 d5 2. Bf4 Nc6 3. e3 e6 4. Nf3 Bd6 5. Bxd6 cxd6 6. c3 Nf6 7. Nbd2 O-O 8.
Be2 e5 9. dxe5 dxe5 10. O-O Re8 11. Re1 e4 12. Nd4 Ne5 13. N2b3 Nfg4 14. g3 Qf6
15. Rf1 Qh6 16. h4 g5 17. Kg2 gxh4 18. Rh1 h3+ 19. Kf1 Qf6 20. Bxg4 Bxg4 21.
Qd2 Nc4 22. Qc1 a5 23. Nc2 Ra6 24. Nbd4 Qh6 25. Rh2 Rf6 26. b3 Ne5 27. Ne1 Qg5
28. Ne2 Bxe2+ 29. Kxe2 Ng4 0-1

[Event "Gibtelecom Festival 2010 - Masters"]
[Site "Gibraltar ENG"]
[Date "2010.01.31"]
[Round "6.96"]
[White "Gates, David"]
[Black "Odeh, Kenneth"]
[Result "0-1"]
[WhiteElo "1702"]
[BlackElo "2012"]
[PlyCount "62"]
[EventDate "2010.01.26"]
[EventType "swiss"]
[EventRounds "10"]
[EventCountry "ENG"]
[Source "lmi"]
[SourceDate "2010.01.26"]

1. e4 c6 2. d4 d5 3. Nc3 dxe4 4. Nxe4 Bf5 5. Ng3 Bg6 6. h4 h6 7. h5 Bh7 8. Nf3
Nd7 9. Bf4 Qa5+ 10. Bd2 Qc7 11. Bc4 e6 12. O-O Ngf6 13. Re1 Bd6 14. Nh1 O-O-O
15. Nh4 Ne4 16. Be3 Nb6 17. Bb3 Nd5 18. c4 Nxe3 19. Rxe3 Bh2+ 20. Kf1 Bf4 21.
Rh3 Nd2+ 22. Kg1 Rxd4 23. Nf3 Rd3 24. Nxd2 Rxh3 25. gxh3 Rd8 26. Qg4 Rxd2 27.
Qxg7 Bh2+ 28. Kf1 Bd3+ 29. Ke1 Re2+ 30. Kd1 Qf4 31. Qc3 Qf3 0-1

[Event "Gibtelecom Festival 2010 - Masters"]
[Site "Gibraltar ENG"]
[Date "2010.01.31"]
[Round "6.97"]
[White "Perez Reisler, Jose"]
[Black "Kympergr, Vojtech"]
[Result "0-1"]
[WhiteElo "2001"]
[BlackElo "1599"]
[PlyCount "124"]
[EventDate "2010.01.26"]
[EventType "swiss"]
[EventRounds "10"]
[EventCountry "ENG"]
[Source "lmi"]
[SourceDate "2010.01.26"]

1. c4 Nf6 2. Nc3 g6 3. e4 d6 4. d4 Bg7 5. Nf3 Bg4 6. Be2 O-O 7. Be3 Nbd7 8. h3
Bxf3 9. Bxf3 c5 10. d5 Ne5 11. Be2 a6 12. O-O Qc8 13. Qc2 Ned7 14. a3 Nb6 15.
Rab1 Qd8 16. b4 Nfd7 17. Na4 Nxa4 18. Qxa4 b6 19. Rb3 a5 20. bxc5 Nxc5 21. Bxc5
dxc5 22. Qc6 Be5 23. Rxb6 Rc8 24. Qb5 Bc7 25. Rb7 Qd6 26. f4 Rb8 27. e5 Rxb7
28. Qxb7 Qb6 29. Rb1 Qxb7 30. Rxb7 Bd8 31. Rb5 f6 32. Rxc5 Bb6 33. Kh2 Bxc5 34.
a4 fxe5 35. fxe5 Rf2 36. Bf3 Ra2 37. Bd1 Bd4 38. Kg3 Bxe5+ 39. Kf3 Bd6 40. h4
Ra3+ 41. Ke4 Rg3 42. Bf3 Kg7 43. Kd4 Kf6 44. c5 Be5+ 45. Kc4 g5 46. hxg5+ Rxg5
47. Kb5 Bc7 48. Kc6 Bd8 49. Kd7 Rg8 50. c6 Bb6 51. c7 Bxc7 52. Kxc7 Ke5 53. Kb6
Kd6 54. Kxa5 Kc5 55. d6 exd6 56. Ka6 d5 57. Kb7 Rg7+ 58. Kb8 d4 59. Be4 Kb6 60.
Bd5 d3 61. Kc8 d2 62. Bf3 Rxg2 0-1

[Event "Gibtelecom Festival 2010 - Masters"]
[Site "Gibraltar ENG"]
[Date "2010.01.31"]
[Round "6.102"]
[White "Hansen, Erle Andrea Marki"]
[Black "Yarur Elsaca, Daniel"]
[Result "1-0"]
[WhiteElo "1699"]
[BlackElo "1815"]
[PlyCount "55"]
[EventDate "2010.01.26"]
[EventType "swiss"]
[EventRounds "10"]
[EventCountry "ENG"]
[Source "lmi"]
[SourceDate "2010.01.26"]

1. e4 e5 2. Nf3 d6 3. d4 exd4 4. Nxd4 g6 5. Nc3 Bg7 6. Be3 Nf6 7. Be2 O-O 8.
Qd2 Re8 9. f3 Nc6 10. O-O-O Nxd4 11. Bxd4 Be6 12. g4 a6 13. g5 Nd7 14. Bxg7
Kxg7 15. h4 Nb6 16. h5 Kg8 17. hxg6 fxg6 18. Rxh7 Kxh7 19. Rh1+ Bh3 20. Rxh3+
Kg8 21. Nd5 Nd7 22. f4 c5 23. Qc3 Rxe4 24. Rh8+ Kf7 25. Rh7+ Ke6 26. Qd3 Ne5
27. Qxe4 Qg8 28. Re7# 1-0

[Event "Gibtelecom Festival 2010 - Masters"]
[Site "Gibraltar ENG"]
[Date "2010.02.01"]
[Round "7.2"]
[White "Sandipan, Chanda"]
[Black "Gustafsson, Jan"]
[Result "1/2-1/2"]
[WhiteElo "2622"]
[BlackElo "2627"]
[PlyCount "60"]
[EventDate "2010.01.26"]
[EventType "swiss"]
[EventRounds "10"]
[EventCountry "ENG"]
[Source "lmi"]
[SourceDate "2010.01.26"]

1. d4 d5 2. c4 c6 3. Nf3 Nf6 4. Nc3 e6 5. Bg5 h6 6. Bxf6 Qxf6 7. Qb3 dxc4 8.
Qxc4 Nd7 9. O-O-O g6 10. e4 e5 11. dxe5 Nxe5 12. Qd4 Bg7 13. Qxe5+ Qxe5 14.
Nxe5 Bxe5 15. Bc4 Ke7 16. Rhf1 g5 17. Ne2 Be6 18. Bxe6 fxe6 19. f4 gxf4 20.
Nxf4 Bxf4+ 21. Rxf4 Raf8 22. Rdf1 Rxf4 23. Rxf4 Rg8 24. g3 Rg5 25. Kd2 Rh5 26.
Rf2 Ra5 27. a3 Rb5 28. Ke3 a5 29. Kd4 e5+ 30. Kc3 a4 1/2-1/2

[Event "Gibtelecom Festival 2010 - Masters"]
[Site "Gibraltar ENG"]
[Date "2010.02.01"]
[Round "7.7"]
[White "Fressinet, Laurent"]
[Black "Cramling, Pia"]
[Result "1-0"]
[WhiteElo "2670"]
[BlackElo "2528"]
[PlyCount "53"]
[EventDate "2010.01.26"]
[EventType "swiss"]
[EventRounds "10"]
[EventCountry "ENG"]
[Source "lmi"]
[SourceDate "2010.01.26"]

1. d4 Nf6 2. Nf3 e6 3. c4 b6 4. g3 Bb7 5. Bg2 Be7 6. Nc3 Ne4 7. Bd2 f5 8. d5
Bf6 9. Qc2 Qe7 10. O-O Na6 11. Rad1 Nd6 12. b3 O-O 13. Be3 c5 14. dxc6 dxc6 15.
c5 Nf7 16. cxb6 Nb4 17. Qc1 axb6 18. Bxb6 Rfc8 19. Na4 c5 20. Bxc5 Qe8 21. Qd2
Nxa2 22. Bd4 e5 23. Ba1 Rxa4 24. bxa4 Qxa4 25. Qd7 Qxd7 26. Rxd7 Bxf3 27. Bxe5
1-0

[Event "Gibtelecom Festival 2010 - Masters"]
[Site "Gibraltar ENG"]
[Date "2010.02.01"]
[Round "7.8"]
[White "Naumann, Alexander"]
[Black "Cheparinov, Ivan"]
[Result "1/2-1/2"]
[WhiteElo "2525"]
[BlackElo "2660"]
[PlyCount "135"]
[EventDate "2010.01.26"]
[EventType "swiss"]
[EventRounds "10"]
[EventCountry "ENG"]
[Source "lmi"]
[SourceDate "2010.01.26"]

1. d4 d5 2. c4 c6 3. Nf3 Nf6 4. e3 Bf5 5. Nc3 e6 6. Nh4 Bg6 7. Be2 Nbd7 8. O-O
Ne4 9. Nxg6 hxg6 10. cxd5 Qh4 11. h3 Ng5 12. Bf3 cxd5 13. e4 Nxf3+ 14. Qxf3
dxe4 15. Nxe4 Qh5 16. Qg3 Be7 17. Bg5 Bxg5 18. Nxg5 O-O 19. Rac1 Rac8 20. Qf4
Rxc1 21. Rxc1 Nf6 22. f3 Nd5 23. Qg3 Re8 24. Re1 Qh6 25. Qe5 f6 26. Qxd5 Qxg5
27. Qxg5 fxg5 28. Re5 Kf7 29. Rxg5 Rd8 30. Rc5 Rxd4 31. Rc7+ Kf6 32. Rxb7 a5
33. a3 a4 34. Kh2 g5 35. b3 Rd3 36. bxa4 Rxa3 37. Rb4 Ra2 38. Kg1 Ra1+ 39. Kf2
Ra2+ 40. Kg3 Ra3 41. Rg4 Ra2 42. Kh2 Ra1 43. Kg3 Ra2 44. h4 gxh4+ 45. Kxh4 Ra1
46. Rf4+ Kg6 47. Kg4 Ra2 48. Kg3 Kg5 49. Rf7 Rxa4 50. Rxg7+ Kf5 51. Rg8 Kf6 52.
Kh3 Rb4 53. g3 Ra4 54. f4 e5 55. fxe5+ Kxe5 56. Rf8 Ke6 57. g4 Ke7 58. Rf5 Ra8
59. Kh4 Rh8+ 60. Kg5 Rg8+ 61. Kf4 Rf8 62. Rxf8 Kxf8 63. Kf5 Kf7 64. g5 Kg7 65.
g6 Kg8 66. Kf6 Kf8 67. g7+ Kg8 68. Kg6 1/2-1/2

[Event "Gibtelecom Festival 2010 - Masters"]
[Site "Gibraltar ENG"]
[Date "2010.02.01"]
[Round "7.12"]
[White "Hoffmann, Michael"]
[Black "Gopal, Geetha Narayanan"]
[Result "1/2-1/2"]
[WhiteElo "2508"]
[BlackElo "2584"]
[PlyCount "34"]
[EventDate "2010.01.26"]
[EventType "swiss"]
[EventRounds "10"]
[EventCountry "ENG"]
[Source "lmi"]
[SourceDate "2010.01.26"]

1. d4 Nf6 2. c4 c5 3. Nf3 cxd4 4. Nxd4 e6 5. g3 a6 6. Bg2 Qc7 7. O-O Qxc4 8.
Nc3 Nc6 9. Nb3 d5 10. Bf4 Be7 11. a3 a5 12. Rc1 Qa6 13. a4 O-O 14. Nb5 Qb6 15.
Bc7 Qa6 16. Bf4 Qb6 17. Bc7 Qa6 1/2-1/2

[Event "Gibtelecom Festival 2010 - Masters"]
[Site "Gibraltar ENG"]
[Date "2010.02.01"]
[Round "7.13"]
[White "Harika, Dronavalli"]
[Black "Halkias, Stelios"]
[Result "0-1"]
[WhiteElo "2471"]
[BlackElo "2566"]
[PlyCount "56"]
[EventDate "2010.01.26"]
[EventType "swiss"]
[EventRounds "10"]
[EventCountry "ENG"]
[Source "lmi"]
[SourceDate "2010.01.26"]

1. c4 e6 2. Nc3 d5 3. d4 c5 4. cxd5 exd5 5. Nf3 Nc6 6. g3 Nf6 7. Bg2 Be7 8. O-O
O-O 9. Bg5 c4 10. Ne5 Be6 11. b3 Qa5 12. Qd2 Rad8 13. Rfd1 Nxe5 14. dxe5 d4 15.
exf6 dxc3 16. Qc2 Rxd1+ 17. Rxd1 cxb3 18. axb3 Bxf6 19. Bxf6 gxf6 20. Rc1 Rd8
21. h4 Qc5 22. Kh2 Rc8 23. Bxb7 Qxf2+ 24. Kh1 Rb8 25. Qe4 Kh8 26. Rg1 c2 27.
Rc1 Qxg3 28. Qd4 Qh3+ 0-1

[Event "Gibtelecom Festival 2010 - Masters"]
[Site "Gibraltar ENG"]
[Date "2010.02.01"]
[Round "7.14"]
[White "Lenderman, Alex"]
[Black "Cori Tello, Jorge"]
[Result "1-0"]
[WhiteElo "2560"]
[BlackElo "2483"]
[PlyCount "111"]
[EventDate "2010.01.26"]
[EventType "swiss"]
[EventRounds "10"]
[EventCountry "ENG"]
[Source "lmi"]
[SourceDate "2010.01.26"]

1. d4 Nf6 2. Nf3 d5 3. c4 c6 4. Nc3 e6 5. g3 Nbd7 6. Bg2 Be7 7. O-O O-O 8. Qd3
b6 9. cxd5 exd5 10. Bf4 Re8 11. a3 a5 12. Qc2 Bb7 13. Rfd1 Nf8 14. Rac1 Ng6 15.
Bg5 Nd7 16. h4 Bxg5 17. Nxg5 h6 18. Nf3 Nf6 19. e3 Ba6 20. Ne1 Qd7 21. Bf3 Rac8
22. h5 Nf8 23. Nd3 Bxd3 24. Rxd3 Qf5 25. Qe2 b5 26. Bg2 Ne6 27. Rd2 a4 28. Qf3
Qxf3 29. Bxf3 Nd7 30. e4 Nb6 31. exd5 cxd5 32. Rdd1 Nc4 33. Nxd5 Ng5 34. Bg4
Rcd8 35. Nc7 Re4 36. f3 Re2 37. f4 Re3 38. Rc3 Rxc3 39. bxc3 Ne4 40. Nxb5 Nxg3
41. Re1 Rb8 42. Kg2 Rxb5 43. Kxg3 Nd6 44. Kh4 Rb3 45. c4 Nxc4 46. Re8+ Kh7 47.
Bf5+ g6 48. hxg6+ Kg7 49. gxf7 Kxf7 50. Ra8 Nd6 51. Bg4 Rxa3 52. Ra7+ Kf8 53.
Be6 Rd3 54. f5 Rxd4+ 55. Kh5 Rd1 56. f6 1-0

[Event "Gibtelecom Festival 2010 - Masters"]
[Site "Gibraltar ENG"]
[Date "2010.02.01"]
[Round "7.15"]
[White "Edouard, Romain"]
[Black "Sarkar, Justin"]
[Result "1-0"]
[WhiteElo "2608"]
[BlackElo "2378"]
[PlyCount "41"]
[EventDate "2010.01.26"]
[EventType "swiss"]
[EventRounds "10"]
[EventCountry "ENG"]
[Source "lmi"]
[SourceDate "2010.01.26"]

1. e4 e6 2. d4 d5 3. Nc3 Nf6 4. Bg5 dxe4 5. Nxe4 Be7 6. Bxf6 gxf6 7. Qd2 a6 8.
g3 Bd7 9. Bg2 Bc6 10. f4 Qd5 11. Nxf6+ Bxf6 12. Bxd5 Bxd5 13. Nf3 Bxf3 14. Rf1
Bc6 15. f5 e5 16. Qe2 O-O 17. dxe5 Bxe5 18. f6 Bxf6 19. Qg4+ Bg7 20. O-O-O f5
21. Rxf5 1-0

[Event "Gibtelecom Festival 2010 - Masters"]
[Site "Gibraltar ENG"]
[Date "2010.02.01"]
[Round "7.16"]
[White "Battaglini, Gabriel"]
[Black "Istratescu, Andrei"]
[Result "0-1"]
[WhiteElo "2411"]
[BlackElo "2607"]
[PlyCount "66"]
[EventDate "2010.01.26"]
[EventType "swiss"]
[EventRounds "10"]
[EventCountry "ENG"]
[Source "lmi"]
[SourceDate "2010.01.26"]

1. d4 g6 2. c4 Bg7 3. Nc3 c5 4. d5 Bxc3+ 5. bxc3 f5 6. f3 d6 7. e4 fxe4 8. fxe4
e5 9. Nf3 Nd7 10. Bd3 Ndf6 11. O-O Kf8 12. Nh4 Kg7 13. Qf3 Qe7 14. Rb1 Rb8 15.
Rb2 Bd7 16. Rbf2 Rf8 17. Bg5 h6 18. Bd2 Qe8 19. g3 Ne7 20. Qxf6+ Rxf6 21. Rxf6
g5 22. Ng2 Ng6 23. R6f2 Rf8 24. Rxf8 Nxf8 25. Ne3 Nh7 26. Rb1 b6 27. a4 Qc8 28.
a5 bxa5 29. Nc2 Nf6 30. Na3 a4 31. Bc2 a6 32. Bd3 Be8 33. Rb6 Qg4 0-1

[Event "Gibtelecom Festival 2010 - Masters"]
[Site "Gibraltar ENG"]
[Date "2010.02.01"]
[Round "7.17"]
[White "Lopez Martinez, Josep Manu"]
[Black "Zaremba, Andrie"]
[Result "1-0"]
[WhiteElo "2593"]
[BlackElo "2360"]
[PlyCount "63"]
[EventDate "2010.01.26"]
[EventType "swiss"]
[EventRounds "10"]
[EventCountry "ENG"]
[Source "lmi"]
[SourceDate "2010.01.26"]

1. e4 c6 2. d4 d5 3. e5 Bf5 4. Nd2 e6 5. Nb3 Nd7 6. Nf3 Ne7 7. Be2 Bg4 8. O-O
Nf5 9. Ne1 Bxe2 10. Qxe2 h5 11. c3 Be7 12. g3 Qc7 13. Nf3 c5 14. Bg5 Bxg5 15.
Nxg5 c4 16. Nd2 b5 17. b3 b4 18. Qf3 Qd8 19. h4 bxc3 20. Qxc3 cxb3 21. axb3 O-O
22. Qf3 g6 23. Qf4 Qb6 24. Ngf3 Kg7 25. Ra4 Nb8 26. Rfa1 Nc6 27. Kg2 a5 28. Rc1
Nb4 29. Qg5 Nxd4 30. Qe3 Nxf3 31. Qxb6 Nxd2 32. Qe3 1-0

[Event "Gibtelecom Festival 2010 - Masters"]
[Site "Gibraltar ENG"]
[Date "2010.02.01"]
[Round "7.20"]
[White "Bindrich, Falko"]
[Black "Reizniece, Dana"]
[Result "1-0"]
[WhiteElo "2512"]
[BlackElo "2341"]
[PlyCount "115"]
[EventDate "2010.01.26"]
[EventType "swiss"]
[EventRounds "10"]
[EventCountry "ENG"]
[Source "lmi"]
[SourceDate "2010.01.26"]

1. d4 Nf6 2. c4 g6 3. Nc3 Bg7 4. Nf3 O-O 5. Bg5 h6 6. Bh4 d6 7. e3 c6 8. Be2
Nbd7 9. O-O g5 10. Bg3 Nh5 11. Nd2 Nxg3 12. hxg3 f5 13. g4 fxg4 14. Bxg4 Nf6
15. Bxc8 Qxc8 16. Qe2 Qg4 17. f3 Qd7 18. Nde4 Rf7 19. g4 Raf8 20. Kg2 Ne8 21.
Rf2 Nc7 22. Rh1 d5 23. Nc5 Qc8 24. cxd5 cxd5 25. a4 b6 26. Nd3 Ne6 27. Nxd5 Qc4
28. Nc3 Qb3 29. Nc1 Qb4 30. Qb5 Qd6 31. Qd5 Qxd5 32. Nxd5 Rd8 33. Nc3 Nf8 34.
Nd3 Ng6 35. Kg3 e6 36. Rc1 Rc7 37. Rff1 Bf8 38. Kf2 Bg7 39. Ke2 Rf7 40. Ne4 Ne7
41. b4 Ng6 42. Rc6 Re7 43. b5 Kf7 44. Rfc1 Red7 45. Rc7 Ne7 46. Nb4 Bf6 47. Nc6
Nxc6 48. Rxd7+ Rxd7 49. bxc6 Rc7 50. Nd6+ Ke7 51. Nb5 Rc8 52. Nxa7 Rc7 53. Nb5
Rc8 54. e4 Bg7 55. Kd3 Bf6 56. e5 Bg7 57. c7 Kd7 58. Nd6 1-0

[Event "Gibtelecom Festival 2010 - Masters"]
[Site "Gibraltar ENG"]
[Date "2010.02.01"]
[Round "7.25"]
[White "Kozlov, Oleg"]
[Black "Boskovic, Drasko"]
[Result "0-1"]
[WhiteElo "2279"]
[BlackElo "2454"]
[PlyCount "90"]
[EventDate "2010.01.26"]
[EventType "swiss"]
[EventRounds "10"]
[EventCountry "ENG"]
[Source "lmi"]
[SourceDate "2010.01.26"]

1. Nf3 c5 2. g3 Nc6 3. Bg2 g6 4. c4 Bg7 5. Nc3 Nh6 6. a3 Nf5 7. Rb1 O-O 8. O-O
d6 9. d3 Qd7 10. Bd2 b6 11. Qc1 Bb7 12. b4 Rac8 13. Re1 Rfd8 14. Bh3 e6 15.
bxc5 dxc5 16. Bg2 Nfd4 17. Nxd4 cxd4 18. Ne4 f5 19. Ng5 h6 20. Nf3 Kh7 21. a4
e5 22. a5 e4 23. Nh4 Nxa5 24. Bxa5 bxa5 25. f3 exd3 26. exd3 Re8 27. f4 Bxg2
28. Kxg2 a4 29. Nf3 Rxe1 30. Qxe1 Re8 31. Qd1 Qc6 32. Rb5 Re3 33. Kf2 a3 34.
Ra5 Qb6 35. Rb5 Qa6 36. Rb3 a2 37. Qa1 Qc6 38. Ng1 Qa4 39. Rb2 Qa3 40. Qxa2
Qxd3 41. Rd2 Qe4 42. Qxa7 Re1 43. Re2 Rxe2+ 44. Nxe2 d3 45. Qe3 Qxc4 0-1

[Event "Gibtelecom Festival 2010 - Masters"]
[Site "Gibraltar ENG"]
[Date "2010.02.01"]
[Round "7.33"]
[White "Karavade, Eesha"]
[Black "Tscharotschkin, Michael"]
[Result "1/2-1/2"]
[WhiteElo "2405"]
[BlackElo "2211"]
[PlyCount "64"]
[EventDate "2010.01.26"]
[EventType "swiss"]
[EventRounds "10"]
[EventCountry "ENG"]
[Source "lmi"]
[SourceDate "2010.01.26"]

1. d4 d5 2. c4 c6 3. Nc3 Nf6 4. e3 Bf5 5. cxd5 cxd5 6. Qb3 Qd7 7. Nf3 e6 8. Bb5
Nc6 9. Ne5 Qc7 10. Qa4 Rc8 11. Qxa7 Bd6 12. Nxc6 bxc6 13. Qxc7 Rxc7 14. Be2 O-O
15. f3 e5 16. Kf2 Ra8 17. b3 Rb7 18. Na4 Nd7 19. Bd2 Ba3 20. Bc3 f6 21. Rhd1
Kf7 22. Rd2 Be6 23. Rad1 c5 24. dxc5 Nxc5 25. Nxc5 Bxc5 26. Rxd5 Bxd5 27. Rxd5
Ba3 28. Bc4 Ke7 29. Ke2 Raa7 30. Be1 Rd7 31. Rb5 Rdb7 32. Rd5 Rd7 1/2-1/2

[Event "Gibtelecom Festival 2010 - Masters"]
[Site "Gibraltar ENG"]
[Date "2010.02.01"]
[Round "7.34"]
[White "Houska, Jovanka"]
[Black "Byron, Alan M"]
[Result "1/2-1/2"]
[WhiteElo "2401"]
[BlackElo "2196"]
[PlyCount "92"]
[EventDate "2010.01.26"]
[EventType "swiss"]
[EventRounds "10"]
[EventCountry "ENG"]
[Source "lmi"]
[SourceDate "2010.01.26"]

1. d4 Nf6 2. Nf3 d5 3. c4 e6 4. g3 Bb4+ 5. Bd2 a5 6. Bg2 Nc6 7. Qc2 dxc4 8.
Qxc4 Qd5 9. Qd3 Qe4 10. Qxe4 Nxe4 11. Bxb4 axb4 12. Nbd2 Nxd2 13. Kxd2 Ke7 14.
e3 Bd7 15. Rhc1 Ra4 16. b3 Ra3 17. Kc2 Ra5 18. Kb2 Rha8 19. Ne1 R8a6 20. Nd3
Rb6 21. Rc4 Rf5 22. f4 Rh5 23. h3 f6 24. Rf1 Kd8 25. g4 Rhb5 26. Rfc1 Ra5 27.
Nc5 Ke7 28. Kb1 Ra8 29. Nxb7 Rxb7 30. Rxc6 Bxc6 31. Bxc6 Raa7 32. Bxb7 Rxb7 33.
Rc5 Kd6 34. Ra5 Rb6 35. Rc5 g6 36. e4 c6 37. Ra5 Rb7 38. Kc2 f5 39. e5+ Kc7 40.
g5 Kb6 41. Rc5 h6 42. gxh6 Rh7 43. Kd3 Rxh6 44. Kc4 Rh4 45. Kxb4 Rxf4 46. Rc4
Re4 1/2-1/2

[Event "Gibtelecom Festival 2010 - Masters"]
[Site "Gibraltar ENG"]
[Date "2010.02.01"]
[Round "7.37"]
[White "Osuna Vega, Enrique"]
[Black "Degtiarev, Evgeny"]
[Result "1/2-1/2"]
[WhiteElo "2128"]
[BlackElo "2374"]
[PlyCount "104"]
[EventDate "2010.01.26"]
[EventType "swiss"]
[EventRounds "10"]
[EventCountry "ENG"]
[Source "lmi"]
[SourceDate "2010.01.26"]

1. d4 Nf6 2. c4 g6 3. Nc3 d5 4. Nf3 Bg7 5. Bf4 O-O 6. Rc1 dxc4 7. e4 b5 8. Nxb5
Nxe4 9. Bxc4 c6 10. Nc3 Nd6 11. Be2 Nf5 12. Be5 Bh6 13. g4 Nd6 14. g5 Bg7 15.
h4 Nf5 16. Bxg7 Kxg7 17. h5 Ba6 18. Qd2 Bxe2 19. Nxe2 Qd5 20. Qf4 Nd7 21. Nc3
Qd6 22. Qxd6 exd6 23. h6+ Kg8 24. Kd2 Rab8 25. b3 f6 26. Ne4 d5 27. Nxf6+ Nxf6
28. gxf6 Rxf6 29. Ne5 Rc8 30. Kd3 Ne7 31. f3 Rf4 32. Rh3 Kf8 33. Rg1 Ke8 34.
Ke3 Rf6 35. Rc1 Kd8 36. Rh2 Kc7 37. b4 Kb7 38. Rhc2 a6 39. a4 Re6 40. Kd3 g5
41. Rg1 a5 42. Rxg5 axb4 43. Rb2 c5 44. dxc5 Rxc5 45. Rxb4+ Ka6 46. Rh4 Rc1 47.
Kd2 Ra1 48. Rhh5 Ra2+ 49. Ke3 Rxa4 50. Kf2 Ra2+ 51. Kg3 Kb5 52. Rg7 Rxh6
1/2-1/2